000
00255as aa2200097a 44500
090
_a
SERIADAS
_b
01421
245
1
0
_a
Tierra: agroecología-medio ambiente-desarrollo rural
260
_b
Editorial Kimpres Ltda
_a
Colombia
041
0
_a
Español
942
_c
REVISTA
999
_c
17151
_d
17151